000
00352nam a2200145Ia 4500
008
231129s2007||||xx |||||||||||||| ||spa||
020
_a
978-84-666-3624-7
040
_b
spa
082
_a
823 P982d
100
_a
Pullman Philip
245
0
_a
La daga
260
_c
2007
264
_a
Ediciones Z.
942
_2
ddc
_c
BKS
999
_c
16819
_d
16819